000 00760cab a2200241 4500
001 ABS51422
008 090401t1994 xxu||||| |||| 00| 0 eng d
035 _a(Sirsi) u25882
041 _aeng
100 _aNorman, C.
245 4 _aThe use of performance bonds in opencast coal mining
260 _c1994
350 _a0
490 _aMineral Planning
_vSeptember 1994, 35-37(2)
520 _aReports on Dunfermline DC`s experience of calling on a performance bond to complete the restoration of an opencast coal mining site.
650 _aLAND RESTORATION
650 _aOPENCAST MINING
650 _aPERFORMANCE BONDS
690 _aPROPERTY-PROPERTY FINANCE AND INVESTMENT
690 _aMINING AND MINERALS
942 _n0
948 _c04/03/1997
999 _c17390
_d17390